Statistics for Nickelodeon Shows

Click here to take the quiz!

General Stats

  • This quiz has been taken 1,436 times
  • The average score is 7 of 13

Answer Stats

HintAnswer% Correct
Three teens are tired of other teens' talent going to waste, so they create a web show about it. In 5, 4, 3, 2iCarly
95%
Sponge and his friend that is a starfish live it up in the big, blue sea.Spongebob Squarepants
89%
Two brothers become related and have adventures... their little sister starts trouble and is mischieviousDrake and Josh
81%
Hollywood arts school accepts new comerVictorious!
76%
babies have wild adventures... for some reason, the parents know nothing of this.Rugrats
71%
Girl and her brother go to boarding school on the Pacific Coast... SUSHI ROXX!!!Zoey101
64%
Young teen becomes the VP of a fashion company.True Jackson: VP
48%
The babies are all grown up now! Spin off show.All Grown Up
45%
Show in the 90's: Two African American friends try to live in the complicated world around them... one of the stars is now on the hit comedy sketch show, Saturday Night Live!Kenan and Kel
41%
Teen has her own show that is also a sketch comedy show, the show is named after her.The Amanda Show
35%
Hint: Ginger. Cartoon in the early 2000s up to 2009As Told By Ginger
29%
New show: Girl and her new nerd friends make cool music... Starring Cymphonique MillerHow to Rock
21%
Two dumb surfers have wonderful times together and have constant standoffs with their enemy who is named after lotion. Short lived show.Bucket and Skinner's Wild Adventures
12%

Score Distribution

Percentile by Number Answered

Percent of People with Each Score

Your Score History

You have not taken this quiz